Who is Arthur talking to? Quiz Stats

 Plays Quiz not verified by Sporcle

Support Sporcle.
Go Orange.
Score 0/25 Timer 05:00
0 Plays Today
Quote Name % Correct
I agree with you, but now is not the time to discuss elf rights. I want to get back to the tent as fast as we can. Hermione Granger
97%
Really? Eclectic, you say? With a plug? Gracious, I must see that....Let's think...Harry Potter
96%
Haven't I taught you anything. What have I always told you? Never trust anything that can think for itself if you can't see where it keeps its brain?Ginny Weasley
95.2%
We have a very different idea of what disgraces the name of wizardLucius Malfoy
93.7%
You dropped it on purpose! You knew he'd eat it, you knew he was on a diet -Fred Weasley
90.4%
Oh...go on then. Let's see...a Galleon on Ireland to win?Ludo Bagman
87.2%
But you're Muggles! We must have a drink! What's that you've got there? Oh, you're changing Muggle moneyMr Granger
86.9%
Yes, even if you won't let Harry use the felly-tone--Vernon Dursley
86.9%
W-what's that? You-Know-Who? En-enchant Ginny? But Ginny's not... Ginny hasn't been... has she?Albus Dumbledore
83.9%
No, really! It's a simple process it was the toffee - my son Fred - real practical joker - but it's only an Engorgement Charm - at least, I think it is - please, I can correct it -Petunia Dursley
80.9%
Yes, I was asking Ludo about that. He says Bertha's gotten lost plenty of times before now - though must say, if it was someone in my department, I'd be worried....Percy Weasley
73%
Yes, of course. The, er, sitting room, why don’t you use that?Rufus Scrimgeour
73%
Where exactly did you find Harry's wand?Winky
72.5%
Quote Name % Correct
To find out how airplanes stay upMolly Weasley
66.2%
Of course, ..., but people are terrified, terrified that they will be next to disappear, their children the next to be attacked!Ron Weasley
65%
Just Muggle-baiting. Sell them a key that keeps shrinking to nothing so they can never find it when they need it... George Weasley
63%
You said Greyback attacked him? But he hadn't transformed? So what does that mean? What will happen to Bill?Minerva McGonagall
62.7%
I'm sure they'd never go over to You-Know-Who. They've suffered losses too; remember that goblin family he murdered last time, somewhere near Nottingham?Bill Weasley
60.2%
Weasley - two tents, booked a couple of days ago?Mr Roberts
57.7%
What did the dustbins do?Amos Diggory
57.2%
If you had read my report you would know that the term is 'firearms'. And I'm afraid you'll have to wait for information on motorcycles; we're extremely busy at the moment.Kingsley Shacklebolt
53.9%
I'll cover for you. I'm OK, I've got a report to finish anyway....Nymphadora Tonks
53.1%
Down in old-- but they told me--Merlin's beard--Perkins
46.1%
Please be careful. I’m still not sure this was advisable and it’s certainly only to be used in emergencies.Rubeus Hagrid
38.8%
I'm escorting a visitorEric Munch
28.7%

You're not logged in!

Compare scores with friends on all Sporcle quizzes.
OR
Log In

From the Vault

Interrogative Music

by BetterThanKate

These songs are asking all the right questions.
Remove Ads.
Support Sporcle.
Get the best of Sporcle when you Go Orange. This ad-free experience offers more features, more stats, and more fun while also helping to support Sporcle. Thank you for becoming a member.

Show Comments

Extras

Top Quizzes Today


Score Distribution

Your Account Isn't Verified!

In order to create a playlist on Sporcle, you need to verify the email address you used during registration. Go to your Sporcle Settings to finish the process.

Report this User

Report this user for behavior that violates our Community Guidelines.

Details: